Central Library OPAC University of Rajshahi

Shirley : (Record no. 25981)

MARC details
000 -LEADER
fixed length control field 00973cam a2200313 a 4500
001 - CONTROL NUMBER
control field 25981
003 - CONTROL NUMBER IDENTIFIER
rucl marc code BD-RjUL
005 - DATE AND TIME OF LATEST TRANSACTION
control field 20211209050944.0
008 - FIXED-LENGTH DATA ELEMENTS--GENERAL INFORMATION
fixed length control field 140319r19501902enk 000 1 eng d
020 ## - INTERNATIONAL STANDARD BOOK NUMBER
International Standard Book Number 0192500147
035 ## - SYSTEM CONTROL NUMBER
System control number (BD-RjUL)26051
040 ## - CATALOGING SOURCE
Original cataloging agency PU
Transcribing agency PU
Language of cataloging eng
Modifying agency BD-RjUL
041 ## - LANGUAGE CODE
Language code of text/sound track or separate title eng
082 04 - DEWEY DECIMAL CLASSIFICATION NUMBER
Classification number 823.8
Author mark and year BRS 1950
090 ## - LOCALLY ASSIGNED LC-TYPE CALL NUMBER (OCLC); LOCAL CALL NUMBER (OCLC)
Classification number (OCLC) (R) ; Classification number, CALL (RLIN) (NR) PR4167
Local cutter number (OCLC) ; Book number/undivided call number, CALL (RLIN) .S52 1902
100 1# - MAIN ENTRY--PERSONAL NAME
Personal name Brontë, Charlotte,
Dates associated with a name 1816-1855.
9 (RLIN) 79833
245 10 - TITLE STATEMENT
Title Shirley :
Remainder of title a tale /
Statement of responsibility, etc. by Charlotte Brontë.
260 0# - PUBLICATION, DISTRIBUTION, ETC. (IMPRINT)
Place of publication, distribution, etc. London :
Name of publisher, distributor, etc. Oxford University Press,
Date of publication, distribution, etc. 1902 [reprinted 1950].
300 ## - PHYSICAL DESCRIPTION
Pagination vi, 645 p. ;
Size 15 cm.
490 1# - SERIES STATEMENT
Series statement World's classics ;
Volume/sequential designation 14
Series statement Novels of Charlotte, Emily, and Anne Brontë ;
Volume/sequential designation 3
500 ## - GENERAL NOTE
General note Originally published, 1849.
650 1# - SUBJECT ADDED ENTRY--TOPICAL TERM
Topical term or geographic name as entry element World's classics ; 014.
9 (RLIN) 79834
830 #0 - SERIES ADDED ENTRY--UNIFORM TITLE
Volume number/sequential designation 14
Volume number/sequential designation 3
Uniform title World's classics ;
Uniform title Novels of Charlotte, Emily, and Anne Brontë ;
942 ## - ADDED ENTRY ELEMENTS (KOHA)
Source of classification or shelving scheme Dewey Decimal Classification
Koha item type Books
Holdings
Lost status Source of classification or shelving scheme Damaged status Not for loan Collection code Permanent Location Current Location Shelving location Date acquired Source of acquisition Cost, normal purchase price Total Checkouts Full call number Date last seen Copy number Koha item type
  Dewey Decimal Classification     Non-fiction Central Library, University of Rajshahi Central Library, University of Rajshahi   22/01/1955 M.B.P. dacca 4.10   823.8 BRS 1950 19/03/2014 C-2 Books
  Dewey Decimal Classification   Not For Loan Non-fiction Central Library, University of Rajshahi Central Library, University of Rajshahi Reading Room 25/10/1954 OUP     823.8 BRS 1950 27/12/2023 C-1 Books